000 01524cam a2200385 i 4500
001 51075
003 Mx-PuUPA
005 20221122121100.0
008 140415s2016 sp ad r 000 0 spa d
020 _a9788491130154
020 _a9788491130154 (volumen 1)
020 _a9788491130147 (volumen 2)
040 _aMX-PuUPA
_bspa
_erda
_cMx-PuUPA
_dMx-PuUPA
041 1 _aspa
_heng
130 0 _aNelson, textbook of pediatrics
245 1 0 _aNelson, tratado de pediatría /
_ceditores, Robert M. Kliegman, Bonita F. Stanton, Nina F. Schor, Joseph W. St Geme ; editor emérito, Richard E. Behrman ; traducción, Elsevier España
250 _a20a. edición
264 4 _aBarcelona, España :
_bElsevier España,
_c©2016
300 _a2 volúmenes (paginación varía) :
_bilustraciones, gráficas ;
_c29 cm.
336 _atexto
_2rdacontent
_btxt
337 _asin medio
_2rdamedia
_bn
338 _avolumen
_2rdacarrier
_bnc
650 7 _aPediatría
_2armarc
700 1 _aKliegman, Robert M.,
_eeditor
700 1 _aStanton, Bonita F.,
_eeditor
700 1 _aSchor, Nina F.,
_eeditor
700 1 _aGeme, Joseph W. St,
_eeditor
700 1 _aBehrman, Richard E.,
_eeditor emérito
700 1 _iTraducción de (obra):
_aKliegman, Robert M.
_tNelson, textbook of pediatrics
710 2 _aElsevier España,
_etraductor
942 _2ddc
_cLI
_h618.92
_iN415
_e618.92
999 _c51075
_d51075